<The> RAND journal of economics

Saved in:
Bibliographic Details
Format: Serial
Language:English
Published: Lawrence RAND 1996
Subjects:
Tags: Add Tag
No Tags, Be the first to tag this record!

MARC

LEADER 00000nas2a2200000 4500
001 s107477
005 20221221071438.5
022 |a 0741-6261 
041 0 |a eng 
044 |a US 
245 1 0 |a <The> RAND journal of economics 
264 1 |a Lawrence  |b RAND  |c 1996 
300 |a 1 zv. 
773 0 |w eu_un_cat*s120264 
610 2 0 |a mikroekonomika 
610 2 0 |a analýza ekonomická 
610 2 0 |a podnikanie 
610 2 0 |a trh